[Event "Open - Blitz"]
[Site "SchemingMind.com"]
[Date "2005.09.26"]
[Round "-"]
[White "Glenn O'Brien"]
[Black "fer_even"]
[Result "0-1"]
[WhiteCountry "AUS"]
[BlackCountry "ARG"]
[WhiteElo "1220"]
[WhiteRD "136"]
[BlackElo "2017"]
[BlackRD "99"]
[GameID "25358"]

1. e4 e5 2. Nf3 Nc6 3. Bb5 Nf6 4. O-O Nxe4 5. Re1 Nd6 6. Bxc6 dxc6 7. Nxe5 Be7 8. Nc3 O-O 9. d3 Be6 10. Ne4 Nxe4
11. dxe4 Bd6 12. Nd3 Re8 13. Bf4 Qh4
0-1

[Event "Open - Blitz"]
[Site "SchemingMind.com"]
[Date "2005.09.23"]
[Round "-"]
[White "PELADOSAENZ"]
[Black "Glenn O'Brien"]
[Result "1-0"]
[WhiteCountry "ARG"]
[BlackCountry "AUS"]
[WhiteElo "1597"]
[WhiteRD "91"]
[BlackElo "1220"]
[BlackRD "136"]
[GameID "25446"]

1. e4 e5 2. Nf3 Nc6 3. Bb5 a6 4. Bxc6 bxc6 5. Nc3 Nf6 6. d3 d5 7. Nxe5 Qd6 8. Bf4 Ng4 9. d4 dxe4 10. Nxe4 Qb4+
11. c3 Qxb2 12. O-O Qxf2+ 13. Nxf2 Nxe5 14. Bxe5
1-0

[Event "Open - Blitz"]
[Site "SchemingMind.com"]
[Date "2005.09.23"]
[Round "-"]
[White "PELADOSAENZ"]
[Black "fer_even"]
[Result "0-1"]
[WhiteCountry "ARG"]
[BlackCountry "ARG"]
[WhiteElo "1597"]
[WhiteRD "91"]
[BlackElo "2017"]
[BlackRD "99"]
[GameID "25447"]

1. e4 c5 2. Nf3 d6 3. Nc3 Nc6 4. Bb5 Bd7 5. d3 Nf6 6. Be3 a6 7. Bxc6 Bxc6 8. O-O e6 9. Bg5 Be7 10. e5 Nd7
11. Bxe7 Qxe7 12. d4 dxe5 13. Nxe5 Nxe5 14. dxe5 Qg5 15. g3 Qxe5 16. Qe2 Qxe2
0-1

[Event "Open - Blitz"]
[Site "SchemingMind.com"]
[Date "2005.09.26"]
[Round "-"]
[White "Glenn O'Brien"]
[Black "PELADOSAENZ"]
[Result "0-1"]
[WhiteCountry "AUS"]
[BlackCountry "ARG"]
[WhiteElo "1145"]
[WhiteRD "119"]
[BlackElo "1551"]
[BlackRD "83"]
[GameID "25448"]

1. e4 e5 2. Nf3 Nc6 3. Bb5 d6 4. d4 Bd7 5. Nc3 Nf6 6. O-O g6 7. Bxc6 Bxc6 8. dxe5 dxe5 9. Nxe5 Bg7 10. Bg5 O-O
11. Bxf6 Qxf6 12. Qf3 Qxe5 13. Rfe1 Rfe8 14. Rad1 Rad8 15. Rxd8 Rxd8 16. Rd1 Rxd1+ 17. Nxd1 Bxe4 18. Qe3 Qd6 19. Qxe4 Qxd1+
0-1

[Event "Open - Blitz"]
[Site "SchemingMind.com"]
[Date "2005.09.23"]
[Round "-"]
[White "fer_even"]
[Black "PELADOSAENZ"]
[Result "1-0"]
[WhiteCountry "ARG"]
[BlackCountry "ARG"]
[WhiteElo "2017"]
[WhiteRD "99"]
[BlackElo "1597"]
[BlackRD "91"]
[GameID "25449"]

1. d4 e6 2. e4 d5 3. Nc3 Bb4 4. e5 Nc6 5. Nf3 Nge7 6. Bd3 O-O 7. Bxh7+ Kxh7 8. Ng5+ Kg6 9. h4 Nf5 10. h5+ Kh6
11. Nxe6+ Kh7 12. Nxd8 Rxd8 13. a3 Bxc3+ 14. bxc3 Be6 15. Qd3 Rh8 16. g4 g6 17. hxg6+ Kxg6 18. gxf5+
1-0

[Event "Open - Blitz"]
[Site "SchemingMind.com"]
[Date "2005.09.23"]
[Round "-"]
[White "pardesi"]
[Black "PELADOSAENZ"]
[Result "0-1"]
[WhiteCountry "USA"]
[BlackCountry "ARG"]
[WhiteElo "1440"]
[WhiteRD "80"]
[BlackElo "1551"]
[BlackRD "83"]
[GameID "25458"]

1. e4 e5 2. Nf3 d6 3. d4 Nf6 4. d5 Nxe4 5. Bd3 Nf6 6. Nc3 Bg4 7. h3 Bxf3 8. Qxf3 Be7 9. O-O c6 10. Ne4 cxd5
11. Nxf6+ Bxf6 12. Qg3 Nc6 13. Bd2 Qb6 14. Bg5 O-O-O 15. Bxf6 gxf6 16. Qg7 e4 17. Be2 Ne5 18. b3 Qc7 19. Bg4+ Nxg4 20. Qxg4+ Kb8
21. Qf5 Qe7 22. Qxd5 Qe6 23. Rad1 Rhg8 24. Qxe6 fxe6 25. c4 f5 26. Rfe1 b6
0-1

[Event "Open - Blitz"]
[Site "SchemingMind.com"]
[Date "2005.09.23"]
[Round "-"]
[White "pardesi"]
[Black "Glenn O'Brien"]
[Result "1-0"]
[WhiteCountry "USA"]
[BlackCountry "AUS"]
[WhiteElo "1440"]
[WhiteRD "80"]
[BlackElo "1145"]
[BlackRD "119"]
[GameID "25459"]

1. e4 e5 2. Nf3 Nc6 3. Bb5 a6 4. Ba4 b5 5. Bb3 Nf6 6. O-O Be7 7. Re1 d6 8. Ng5 O-O 9. Nc3 h6 10. Nf3 Bb7
11. d3 g5 12. Nd5 Nxd5 13. Bxd5 Kh7 14. Bd2 f5 15. exf5 Rxf5 16. Qe2 Qd7 17. c3 Raf8 18. d4 exd4 19. Be4 Ne5 20. Bxf5+ Qxf5
21. Nxe5 dxe5 22. cxd4 exd4 23. Qxe7+ Qf7 24. Qxf7+ Rxf7 25. Bb4 c5 26. Bxc5 Rc7 27. Bxd4
1-0

[Event "Open - Blitz"]
[Site "SchemingMind.com"]
[Date "2005.09.23"]
[Round "-"]
[White "pardesi"]
[Black "fer_even"]
[Result "0-1"]
[WhiteCountry "USA"]
[BlackCountry "ARG"]
[WhiteElo "1566"]
[WhiteRD "150"]
[BlackElo "1884"]
[BlackRD "146"]
[GameID "25460"]

1. e4 c5 2. Nf3 d6 3. d4 Nf6 4. Nc3 cxd4 5. Nxd4 Nc6 6. Bb5 Bd7 7. O-O e6 8. Re1 Be7 9. f4 Nxd4 10. Qxd4 Bxb5
11. Nxb5 Qa5 12. Bd2 Qxb5 13. a4 Qc5 14. Qxc5 dxc5 15. e5 Nd5 16. c3 Rd8 17. Rad1 Nb6 18. Be3 O-O 19. b3 Nd5 20. Bd2 c4
21. bxc4 Bc5+ 22. Kh1 Nb6 23. g4 Nxa4 24. Be3 Rxd1 25. Rxd1 Bxe3 26. Rd7 Nc5 27. Kg2 Nxd7
0-1

[Event "Open - Blitz"]
[Site "SchemingMind.com"]
[Date "2005.09.26"]
[Round "-"]
[White "PELADOSAENZ"]
[Black "pardesi"]
[Result "1-0"]
[WhiteCountry "ARG"]
[BlackCountry "USA"]
[WhiteElo "1551"]
[WhiteRD "83"]
[BlackElo "1440"]
[BlackRD "80"]
[GameID "25461"]

1. e4 e5 2. Nf3 Nc6 3. Bb5 a6 4. Bxc6 dxc6 5. Nc3 Nf6 6. Nxe5 Bd6 7. Nf3 O-O 8. O-O Ng4 9. h3 Ne5 10. d4 Nc4
11. Qd3 Be6 12. d5 cxd5 13. exd5 Nxb2 14. Bxb2 Qd7 15. dxe6 fxe6 16. Rfe1 Rad8 17. Ne5 Bxe5 18. Qxd7 Rxd7 19. Rxe5 Rd4 20. Rxe6 Rd2
21. Rc1 Rfd8 22. Ne4 Rd1+ 23. Rxd1 Rxd1+ 24. Kh2
1-0

[Event "Open - Blitz"]
[Site "SchemingMind.com"]
[Date "2005.09.26"]
[Round "-"]
[White "Glenn O'Brien"]
[Black "pardesi"]
[Result "0-1"]
[WhiteCountry "AUS"]
[BlackCountry "USA"]
[WhiteElo "1220"]
[WhiteRD "136"]
[BlackElo "1470"]
[BlackRD "96"]
[GameID "25462"]

1. e4 e5 2. Nf3 Nc6 3. Bb5 a6 4. Ba4 Nf6 5. O-O b5 6. Bb3 Nxe4 7. Bd5 Bc5 8. Bxe4 O-O 9. Bxc6 dxc6 10. d3 Bb6
11. Be3 Qd5 12. Nc3 Qe6 13. Ng5 Qg6 14. Nf3 Bxe3 15. Qe1 Bc5 16. Nh4 Qg5 17. Nf3 Qf4 18. Ne2 Qf6 19. Qc3 Re8 20. b4 Bd6
21. Rad1 Bb7 22. Nf4 Qxf4
0-1

[Event "Open - Blitz"]
[Site "SchemingMind.com"]
[Date "2005.09.23"]
[Round "-"]
[White "fer_even"]
[Black "pardesi"]
[Result "1-0"]
[WhiteCountry "ARG"]
[BlackCountry "USA"]
[WhiteElo "1884"]
[WhiteRD "146"]
[BlackElo "1566"]
[BlackRD "150"]
[GameID "25463"]

1. d4 Nf6 2. c4 g6 3. Nf3 Bg7 4. g3 d5 5. Bg2 dxc4 6. Na3 Be6 7. O-O Ne4 8. Qc2 Bd5 9. Nxc4 O-O 10. Nfe5 f6
11. Bxe4 Bxe4 12. Qxe4 c6 13. Nf3 f5 14. Qe6+ Kh8 15. Nce5 Rf6 16. Qxf6 Bxf6 17. Nf7+ Kg7 18. Nxd8 e5 19. Ne6+ Kf7 20. Nc7 e4
21. Ng5+ Bxg5 22. Bxg5 Nd7 23. Nxa8
1-0

[Event "Open - Blitz"]
[Site "SchemingMind.com"]
[Date "2005.09.24"]
[Round "-"]
[White "Gordon"]
[Black "PELADOSAENZ"]
[Result "1-0"]
[WhiteCountry "ENG"]
[BlackCountry "ARG"]
[WhiteElo "2193"]
[WhiteRD "62"]
[BlackElo "1597"]
[BlackRD "91"]
[GameID "25566"]

1. e4 e6 2. d4 d5 3. Nc3 Bb4 4. e5 Nc6 5. a3 Ba5 6. Qg4 g6 7. Nf3 Nge7 8. Bd3 Nf5 9. Bg5 Qd7 10. O-O Bb6
11. Ne2 h5 12. Qf4 a6= 13. Bxf5 exf5 14. Bf6 Rh7 15. Ng5 Rh6 16. Bg7
1-0

[Event "Open - Blitz"]
[Site "SchemingMind.com"]
[Date "2005.09.24"]
[Round "-"]
[White "Gordon"]
[Black "pardesi"]
[Result "1-0"]
[WhiteCountry "ENG"]
[BlackCountry "USA"]
[WhiteElo "2173"]
[WhiteRD "63"]
[BlackElo "1566"]
[BlackRD "150"]
[GameID "25568"]

1. e4 e5 2. f4 exf4 3. Nf3 g5 4. h4 g4 5. Ne5 Nf6 6. Bc4 Bc5 7. d4 Bxd4 8. Qxd4 Nc6 9. Nxc6 bxc6 10. Bxf4 d6
11. Bg5 c5 12. Qf2 O-O 13. Bxf6 Qe8 14. Qf4 Be6 15. Qg5#
1-0

[Event "Open - Blitz"]
[Site "SchemingMind.com"]
[Date "2005.09.24"]
[Round "-"]
[White "Gordon"]
[Black "fer_even"]
[Result "1-0"]
[WhiteCountry "ENG"]
[BlackCountry "ARG"]
[WhiteElo "2193"]
[WhiteRD "62"]
[BlackElo "2017"]
[BlackRD "99"]
[GameID "25569"]

1. e4 c5 2. Nf3 d6 3. d4 cxd4 4. Nxd4 Nf6 5. Nc3 a6 6. Be3 Ng4 7. Bg5 h6 8. Bh4 Nc6 9. Be2 Nge5 10. O-O g5
11. Bg3 Bg7 12. Nf5 Bxf5 13. exf5 Nd4 14. Bd3 Nxd3 15. Qxd3 Qd7 16. Rae1 Qxf5 17. Bxd6 O-O 18. Bxe7 Qxd3 19. cxd3 Rfc8 20. f4 Nc2
21. Re2 Bd4+ 22. Kh1 Ne3 23. Rfe1 gxf4 24. Bd6 Bxc3 25. bxc3 Rxc3 26. Bxf4 Nd5 27. Bxh6 Rxd3 28. Kg1 b5 29. Rd2 Rxd2 30. Bxd2 Rc8
31. Re5 Nb6 32. Rg5+ Kh7 33. Rh5+ Kg7 34. Be3 Nc4 35. Bd4+ Kg6 36. Rd5 f6 37. Kf2 Nd2 38. Be3 Nb1 39. Kf3 Rc3 40. h4 Na3
41. h5+ Kf7 42. Rd7+ Ke6 43. Rd8 Nc4 44. h6 Ne5+ 45. Ke2 Rc7 46. Re8+ Kf5= 47. Rg8 Rh7 48. Rg7 Rh8 49. h7 a5 50. Bb6 a4
51. Bc5 Kf4 52. Bb4 Kf5 53. Bc3 Kf4 54. a3 Kf5 55. Ke3
1-0

[Event "Open - Blitz"]
[Site "SchemingMind.com"]
[Date "2005.09.26"]
[Round "-"]
[White "PELADOSAENZ"]
[Black "Gordon"]
[Result "0-1"]
[WhiteCountry "ARG"]
[BlackCountry "ENG"]
[WhiteElo "1551"]
[WhiteRD "83"]
[BlackElo "2229"]
[BlackRD "64"]
[GameID "25570"]

1. e4 c5 2. Nf3 d6 3. Nc3 g6 4. Bb5+ Bd7 5. Bxd7+ Qxd7 6. d4 cxd4 7. Qxd4 Nf6 8. O-O Nc6 9. Qd3 Bg7 10. Bg5 O-O
11. Rfd1 Ng4 12. h3 Nge5 13. Nxe5 Nxe5 14. Qd5 Rfc8 15. f4 Rc5 16. Qxc5 dxc5 17. Rxd7 Nxd7 18. Bxe7 Bxc3 19. bxc3 Re8 20. Bd6 Rxe4
21. Rb1 b6 22. Bb8 Nxb8 23. g3 Re3 24. Kf2 Rxc3 25. Re1 Rxc2+ 26. Re2 Rxe2+ 27. Kxe2 Nc6 28. Kd3 b5 29. a3 a5 30. Kc3 b4+
31. axb4 axb4+ 32. Kb3 Nd4+ 33. Kc4 b3
0-1

[Event "Open - Blitz"]
[Site "SchemingMind.com"]
[Date "2005.09.24"]
[Round "-"]
[White "pardesi"]
[Black "Gordon"]
[Result "0-1"]
[WhiteCountry "USA"]
[BlackCountry "ENG"]
[WhiteElo "1566"]
[WhiteRD "150"]
[BlackElo "2173"]
[BlackRD "63"]
[GameID "25572"]

1. e4 c5 2. Nf3 d6 3. d4 cxd4 4. Nxd4 Nf6 5. Nc3 a6 6. Bc4 e6 7. O-O Qc7 8. b3 b5 9. Be2 Qxc3 10. Bb2 Qxb2
11. c4 bxc4 12. bxc4 Nbd7 13. Nc6 Qb6 14. Nd4 Be7 15. f3 e5
0-1

[Event "Open - Blitz"]
[Site "SchemingMind.com"]
[Date "2005.09.24"]
[Round "-"]
[White "fer_even"]
[Black "Gordon"]
[Result "0-1"]
[WhiteCountry "ARG"]
[BlackCountry "ENG"]
[WhiteElo "2017"]
[WhiteRD "99"]
[BlackElo "2193"]
[BlackRD "62"]
[GameID "25573"]

1. d4 Nf6 2. c4 e6 3. Nf3 b6 4. a3 Ba6 5. Qc2 Bb7 6. Nbd2 c5 7. e4 cxd4 8. e5 Ng8 9. Nxd4 Nc6 10. N2f3 Nxd4
11. Nxd4 a6 12. Be3 Qc7 13. Bf4 Ne7 14. Qe2 Ng6 15. Bg3 h5 16. h3 d6 17. Nf3 h4 18. Bh2 Rh5 19. Nd4 Rxe5 20. Bxe5 dxe5
21. Nf3 e4 22. Nd4 O-O-O 23. Rd1 Nf4 24. Qe3 Be7 25. Nc2 Rd3 26. Qc1 Bg5 27. Ne3 Rxe3+ 28. fxe3 Nd3+ 29. Rxd3 exd3 30. Kd1 Qg3
31. Qd2 Be4 32. Bxd3 Bxe3 33. Qc3 Bxg2 34. Re1 Bf2 35. Re2 Bf3 36. Kc2 Bxe2 37. Bxe2 Qxc3+ 38. Kxc3 f5 39. c5 Bxc5 40. b4 Bf2
41. Bxa6+ Kd7 42. Kd2 e5 43. Ke2 Bd4 44. Kf3 g5 45. Kg2 e4 46. Be2 f4 47. Bg4+ Kd6
0-1

[Event "Open - Blitz"]
[Site "SchemingMind.com"]
[Date "2005.09.24"]
[Round "-"]
[White "bdenley"]
[Black "PELADOSAENZ"]
[Result "1-0"]
[WhiteCountry "USA"]
[BlackCountry "ARG"]
[WhiteElo "1684"]
[WhiteRD "91"]
[BlackElo "1551"]
[BlackRD "83"]
[GameID "25579"]

1. e4 e5 2. Nf3 Nf6 3. Bc4 d6 4. Nc3 Bg4 5. Bxf7+ Kxf7 6. Ng5+ Ke8 7. f3 h6 8. fxg4 hxg5 9. d3 Nc6 10. Bxg5 Be7
11. O-O Qd7 12. Bxf6 Bxf6 13. Nd5 Kf7 14. g5 Nd4 15. gxf6 Ke8 16. c3 c6 17. cxd4 cxd5 18. dxe5 dxe5 19. f7+ Ke7 20. Qd2 Ke6
21. Qg5 Rhf8 22. Qg6+ Ke7 23. Qxg7 Ke6 24. Qf6#
1-0

[Event "Open - Blitz"]
[Site "SchemingMind.com"]
[Date "2005.09.24"]
[Round "-"]
[White "bdenley"]
[Black "Gordon"]
[Result "0-1"]
[WhiteCountry "USA"]
[BlackCountry "ENG"]
[WhiteElo "1652"]
[WhiteRD "100"]
[BlackElo "2193"]
[BlackRD "62"]
[GameID "25580"]

1. e4 c5 2. Nf3 d6 3. b3 Nc6 4. Bb2 e5 5. Nc3 Nf6 6. Bc4 Be7 7. O-O O-O 8. Nh4 Nxe4 9. g3 Nxc3 10. Bxc3 Bxh4
11. gxh4 d5 12. Be2 Qxh4 13. Kh1 Bh3 14. Rg1 d4 15. Bb2 Qxf2 16. Bf3 Rae8 17. Qe2 Qxe2 18. Bxe2 Bf5 19. d3 e4 20. dxe4 Bxe4+
21. Rg2 Bxg2+
0-1

[Event "Open - Blitz"]
[Site "SchemingMind.com"]
[Date "2005.09.24"]
[Round "-"]
[White "bdenley"]
[Black "Glenn O'Brien"]
[Result "1-0"]
[WhiteCountry "USA"]
[BlackCountry "AUS"]
[WhiteElo "1652"]
[WhiteRD "100"]
[BlackElo "1220"]
[BlackRD "136"]
[GameID "25581"]

1. e4 e5 2. Nf3 Nc6 3. Bc4 Bc5 4. Nc3 Nf6 5. O-O O-O 6. d3 h6 7. Be3 Bxe3 8. fxe3 Ng4 9. Qe2 d6 10. Nd5 Be6
11. h3 Nf6 12. Nxf6+ Qxf6 13. Nd4 Nxd4 14. exd4 Qg6 15. Rf3 exd4 16. Bxe6 fxe6 17. Raf1 Rxf3 18. Rxf3 Rf8 19. Rxf8+ Kxf8 20. Qf2+ Qf6
21. Qxf6+ gxf6 22. g4 f5 23. exf5 exf5 24. gxf5 Ke7 25. Kf2 Kf6 26. Kf3 Kxf5 27. Kg3 c5 28. Kf3 b5 29. a3 b4 30. axb4 cxb4
31. b3 a5 32. Kg3 h5 33. h4 d5 34. Kf3 Ke5 35. Kg3 a4 36. bxa4 Kd6 37. Kf4 Kc6 38. Ke5 Kb6 39. Kxd5 Ka5 40. Kxd4 Kxa4
41. Kc4 b3 42. cxb3+
1-0

[Event "Open - Blitz"]
[Site "SchemingMind.com"]
[Date "2005.09.24"]
[Round "-"]
[White "bdenley"]
[Black "pardesi"]
[Result "1-0"]
[WhiteCountry "USA"]
[BlackCountry "USA"]
[WhiteElo "1652"]
[WhiteRD "100"]
[BlackElo "1470"]
[BlackRD "96"]
[GameID "25582"]

1. e4 e5 2. Nf3 Nc6 3. Bc4 Nf6 4. Nc3 Bc5 5. O-O O-O 6. d3 d6 7. h3 a6 8. a4 Nd4 9. Be3 c6 10. Nb1 d5
11. Nxd4 dxc4 12. Ne2 Bxe3 13. fxe3 c5 14. Nbc3 Qb6 15. Rb1 cxd3 16. cxd3 Be6 17. Ng3 Rad8 18. Rxf6 gxf6 19. Nh5 Bc4 20. Qg4+ Kh8
21. Qg7#
1-0

[Event "Open - Blitz"]
[Site "SchemingMind.com"]
[Date "2005.09.24"]
[Round "-"]
[White "bdenley"]
[Black "fer_even"]
[Result "0-1"]
[WhiteCountry "USA"]
[BlackCountry "ARG"]
[WhiteElo "1652"]
[WhiteRD "100"]
[BlackElo "2017"]
[BlackRD "99"]
[GameID "25583"]

1. e4 c5 2. Nf3 Nc6 3. b3 d6 4. Bb2 e5 5. Nc3 Nge7 6. Bc4 h6 7. h3 g6 8. Qe2 Bg7 9. O-O-O O-O 10. g4 Nd4
11. Nxd4 cxd4 12. Nd5 Nxd5 13. Bxd5 Qb6 14. Rhf1 Be6 15. f4 Bxd5 16. exd5 Qa5 17. Qe4 Qxa2 18. f5 gxf5 19. gxf5 Bf6 20. Rg1+ Kh7
21. Rg3 a5 22. d3 a4 23. bxa4 Rfc8 24. Rdg1 Rxc2+ 25. Kxc2 Rc8+ 26. Kd1 Qxb2 27. Rg7+ Bxg7 28. f6+ Kh8 29. fxg7+ Kg8
0-1

[Event "Open - Blitz"]
[Site "SchemingMind.com"]
[Date "2005.09.26"]
[Round "-"]
[White "PELADOSAENZ"]
[Black "bdenley"]
[Result "0-1"]
[WhiteCountry "ARG"]
[BlackCountry "USA"]
[WhiteElo "1551"]
[WhiteRD "83"]
[BlackElo "1684"]
[BlackRD "91"]
[GameID "25584"]

1. e4 c5 2. Nf3 Nc6 3. Bc4 g6 4. d3 Bg7 5. Nc3 Nf6 6. Be3 d6 7. O-O O-O 8. Qd2 a6 9. a3 b5 10. Ba2 Bb7
11. Bh6 Rc8 12. Bxg7 Kxg7 13. Rfe1 Nd4 14. Nxd4 cxd4 15. Ne2 e5 16. c3 Qa5 17. b4 dxc3 18. Nxc3 Qb6 19. h3 Rc7 20. Rac1 Rfc8
21. g3= a5 22. Rc2 axb4 23. axb4 Nh5 24. Rec1 Nxg3 25. Kg2 Nh5 26. Bd5 Nf4+ 27. Kg3 Nxd5 28. Nxd5 Bxd5 29. exd5 Rxc2
0-1

[Event "Open - Blitz"]
[Site "SchemingMind.com"]
[Date "2005.09.24"]
[Round "-"]
[White "Gordon"]
[Black "bdenley"]
[Result "1-0"]
[WhiteCountry "ENG"]
[BlackCountry "USA"]
[WhiteElo "2193"]
[WhiteRD "62"]
[BlackElo "1652"]
[BlackRD "100"]
[GameID "25585"]

1. e4 c5 2. Nf3 Nc6 3. d4 cxd4 4. Nxd4 g6 5. c4 Bg7 6. Be3 Nf6 7. Nc3 O-O 8. Be2 d6 9. O-O Bd7 10. f4 Rc8
11. Rc1 Nxd4 12. Bxd4 a6 13. b3 b5 14. a3 Qa5 15. e5 Ne8 16. Nd5 Rd8 17. Bb6 Qxa3 18. Ra1 Qxb3 19. Qxb3
1-0

[Event "Open - Blitz"]
[Site "SchemingMind.com"]
[Date "2005.09.26"]
[Round "-"]
[White "Glenn O'Brien"]
[Black "bdenley"]
[Result "0-1"]
[WhiteCountry "AUS"]
[BlackCountry "USA"]
[WhiteElo "1220"]
[WhiteRD "136"]
[BlackElo "1652"]
[BlackRD "100"]
[GameID "25586"]

1. e4 c5 2. Nf3 Nc6 3. d4 cxd4 4. Nxd4 g6 5. Nc3 Bg7 6. Be3 d6 7. Qd2 Nf6 8. Bb5 Bd7 9. O-O O-O 10. f3 a6
11. Ba4 Nxd4 12. Bxd4 Bxa4 13. Nxa4 Rc8 14. Nc3 Rc6 15. Rfd1 Qc7 16. Bxf6 exf6 17. Nd5 Qd7 18. Nb4 Rb6 19. Nd5 Rb5 20. c4 Rxd5
21. Qxd5 Rd8 22. Qxd6 Qxd6 23. Rxd6 Rxd6 24. c5 Rd2 25. g4 f5 26. exf5 gxf5 27. gxf5 Rxb2 28. Kf1 Rxh2 29. a4 Bxa1 30. f4 Bd4
31. c6 bxc6 32. a5 Rf2+ 33. Ke1 Rxf4
0-1

[Event "Open - Blitz"]
[Site "SchemingMind.com"]
[Date "2005.09.24"]
[Round "-"]
[White "pardesi"]
[Black "bdenley"]
[Result "0-1"]
[WhiteCountry "USA"]
[BlackCountry "USA"]
[WhiteElo "1470"]
[WhiteRD "96"]
[BlackElo "1652"]
[BlackRD "100"]
[GameID "25587"]

1. e4 c5 2. Nf3 Nc6 3. d4 cxd4 4. Nxd4 g6 5. c3 Bg7 6. Be2 Nf6 7. Nd2 O-O 8. O-O d5 9. Bf3 Nxd4 10. e5 Nxf3+
11. Nxf3 Ng4 12. Bf4 f6 13. exf6 Rxf6 14. Bg5 Rd6 15. Qd2 Bf5 16. Rfe1 Nf6 17. Nd4 Bd7 18. Re2 e6 19. Rae1 Qc8 20. Qf4 Ne4
21. Qh4 Nxg5 22. Qxg5 e5 23. Nc2 Qc4 24. b3 Qxc3 25. Ne3 Re8 26. Nd1 Qc5 27. Re3 e4 28. f3 exf3 29. gxf3 Bd4 30. Kg2 Bxe3
31. Nxe3 Rde6 32. Kf2 Re5 33. Qf4 d4 34. b4 dxe3+ 35. Ke2 Qc2+ 36. Kf1 Qf2#
0-1

[Event "Open - Blitz"]
[Site "SchemingMind.com"]
[Date "2005.09.24"]
[Round "-"]
[White "fer_even"]
[Black "bdenley"]
[Result "1-0"]
[WhiteCountry "ARG"]
[BlackCountry "USA"]
[WhiteElo "1884"]
[WhiteRD "146"]
[BlackElo "1561"]
[BlackRD "143"]
[GameID "25588"]

1. d4 d5 2. c4 c5 3. cxd5 Qxd5 4. Nf3 Nc6 5. Nc3 Qh5 6. Nb5 Nxd4 7. Nfxd4 cxd4 8. Nc7+ Kd8 9. Qxd4+ Bd7 10. Nxa8 e6
11. Qxa7 Bd6 12. Qxb7 Nf6 13. Nb6 Ke7 14. Nxd7 Nxd7 15. a3 Rb8 16. Qf3 Qe5 17. Rb1 Nc5 18. b4 Ne4 19. g3 Rc8 20. Bf4 Qd4
21. Bxd6+ Kxd6 22. Rd1 Rc1 23. Qf4+ Ke7 24. Rxc1 e5 25. Qe3
1-0

[Event "Open - Blitz"]
[Site "SchemingMind.com"]
[Date "2005.09.24"]
[Round "-"]
[White "SAROS"]
[Black "PELADOSAENZ"]
[Result "1-0"]
[WhiteCountry "TUR"]
[BlackCountry "ARG"]
[WhiteElo "1552"]
[WhiteRD "121"]
[BlackElo "1551"]
[BlackRD "83"]
[GameID "25627"]

1. e4 e6 2. d4 d5 3. e5 c5 4. c3 Nc6 5. Bb5 Bd7 6. Nf3 cxd4 7. cxd4 Bb4+ 8. Bd2 Bxd2+ 9. Nbxd2 Nge7 10. O-O O-O
11. Nb3 a6 12. Bd3 Nf5 13. Bxf5 exf5 14. Nc5 b6 15. Nxd7 Qxd7 16. a3 f6 17. exf6 Rxf6 18. Re1 g6 19. Rc1 Re6 20. Qb3 b5
21. Rxe6 Qxe6 22. h3 Re8 23. Re1 Qf7 24. Rxe8+ Qxe8 25. Qxd5+ Kf8 26. Ne5 Nxe5 27. Qxe5 Qxe5 28. dxe5
1-0

[Event "Open - Blitz"]
[Site "SchemingMind.com"]
[Date "2005.09.24"]
[Round "-"]
[White "SAROS"]
[Black "Gordon"]
[Result "0-1"]
[WhiteCountry "TUR"]
[BlackCountry "ENG"]
[WhiteElo "1397"]
[WhiteRD "141"]
[BlackElo "2193"]
[BlackRD "62"]
[GameID "25628"]

1. e4 c5 2. c3 Nf6 3. Bd3 Nc6 4. Bc2 d5 5. exd5 Qxd5 6. Qf3 Be6 7. h3 O-O-O 8. d3 Bf5 9. Qxd5 Rxd5 10. c4 Nb4
11. Na3 Nxc2+ 12. Nxc2 Rxd3 13. Ne3 Bg6 14. Nf3 e6 15. O-O Be7 16. Ne5 Rdd8 17. Nxg6 hxg6 18. b3 Ne4 19. Bb2 Bf6 20. Bxf6 gxf6
21. Ng4 Kd7 22. f3 Ng3 23. Rfd1+ Ke7 24. Kh2 Nf5 25. a3 Nd4 26. b4 f5 27. Ne3 f4 28. Ng4 f5 29. Ne5 Kf6 30. Nd3 Nc2
31. Ra2 Ne3 32. Rdd2 Nf1+
0-1

[Event "Open - Blitz"]
[Site "SchemingMind.com"]
[Date "2005.09.24"]
[Round "-"]
[White "SAROS"]
[Black "bdenley"]
[Result "0-1"]
[WhiteCountry "TUR"]
[BlackCountry "USA"]
[WhiteElo "1397"]
[WhiteRD "141"]
[BlackElo "1652"]
[BlackRD "100"]
[GameID "25629"]

1. Nf3 c5 2. c3 Nc6 3. d4 cxd4 4. cxd4 d6 5. e4 Nf6 6. Nc3 g6 7. Bd3 Bg7 8. Be3 O-O 9. a3 Bg4 10. Be2 a6
11. O-O Rc8 12. Nd2 Bxe2 13. Qxe2 Nd7 14. Nf3 b5 15. Rad1 Nb6 16. Ng5 Nc4 17. d5 N6e5 18. f4 Nd7 19. Bc1 Nxa3 20. e5 dxe5
21. Qg4 Nf6 22. Qh3 Nc4 23. fxe5 Nxe5 24. Rxf6 h6 25. Nxf7 Rxf7 26. Rxf7 Nxf7 27. b4 Rxc3 28. Qg4 Qb6+ 29. Kh1 Ne5 30. Qh4 Qd6
31. Bb2 Rc4 32. Qg3 Rxb4 33. Ba3 Rg4 34. Bxd6 Rxg3 35. Bxe5 Re3 36. d6 exd6 37. Bxd6 Bc3 38. h3 Re1+ 39. Rxe1 Bxe1 40. Kg1 b4
41. Be5 a5 42. Kf1 Bd2 43. Ke2 Bg5 44. Kd1 Kf7 45. Kc2 Bd8 46. Kb3 Ke6 47. Bg7 h5 48. Bh6 Kd5 49. g3 Ke4 50. Bf4 h4
51. Bd6 hxg3 52. Bxg3 Kf3 53. Be1 Kg2 54. h4 Kh3 55. h5 gxh5 56. Ka4 h4
0-1

[Event "Open - Blitz"]
[Site "SchemingMind.com"]
[Date "2005.09.24"]
[Round "-"]
[White "SAROS"]
[Black "Glenn O'Brien"]
[Result "1-0"]
[WhiteCountry "TUR"]
[BlackCountry "AUS"]
[WhiteElo "1552"]
[WhiteRD "121"]
[BlackElo "1145"]
[BlackRD "119"]
[GameID "25630"]

1. e4 e5 2. d4 exd4 3. Qxd4 Nc6 4. Qd1 Ne5 5. Bf4 Qf6 6. Bxe5 Qxe5 7. Nc3 Bb4 8. Qd3 f5 9. O-O-O Bxc3 10. Qxc3 Qxc3
11. bxc3 d6 12. exf5 Bxf5 13. Bd3 Bxd3 14. cxd3 O-O-O 15. Nf3 Nf6 16. h3 Nd5 17. Kc2 Rhe8 18. Rhe1 Nf4 19. Rd2 Rxe1 20. Nxe1 c5
21. h4 h5 22. g3 Nd5 23. c4 Nb4+ 24. Kb2 b5 25. a3 Nc6 26. cxb5 Ne5 27. Kc3 a5 28. a4 d5 29. f4 Ng6 30. Re2 d4+
31. Kc4 Ne7 32. Rxe7 Rd7 33. Rxd7 Kxd7 34. Kxc5
1-0

[Event "Open - Blitz"]
[Site "SchemingMind.com"]
[Date "2005.09.24"]
[Round "-"]
[White "SAROS"]
[Black "pardesi"]
[Result "1-0"]
[WhiteCountry "TUR"]
[BlackCountry "USA"]
[WhiteElo "1397"]
[WhiteRD "141"]
[BlackElo "1470"]
[BlackRD "96"]
[GameID "25631"]

1. e4 e5 2. c3 Nf6 3. Bd3 d5 4. Qe2 c5 5. Bc2 d4 6. h3 Nc6 7. cxd4 cxd4 8. Nf3 Nb4 9. Bd3 Qc7 10. O-O Bd6
11. Na3 O-O 12. Nc4 Nd7 13. a3 Nxd3 14. Qxd3 Bc5 15. b4 Be7 16. Bb2 Nb6 17. Ncxe5 Be6 18. Qxd4 Rad8 19. Qc3 Qxc3 20. Bxc3 f6
21. Ng4 Nc4 22. Ngh2 Ne5 23. Nxe5 fxe5 24. Nf3 b6 25. Nxe5 Ra8 26. d4 Bb3 27. f4 a5 28. g3 Rac8 29. Rfc1 Rc7 30. bxa5 b5
31. Bb4 Bxb4 32. Rxc7 Bd6 33. Rb7 Rb8 34. Rxb8+ Bxb8 35. Nc6
1-0

[Event "Open - Blitz"]
[Site "SchemingMind.com"]
[Date "2005.09.24"]
[Round "-"]
[White "SAROS"]
[Black "fer_even"]
[Result "0-1"]
[WhiteCountry "TUR"]
[BlackCountry "ARG"]
[WhiteElo "1397"]
[WhiteRD "141"]
[BlackElo "2017"]
[BlackRD "99"]
[GameID "25632"]

1. e4 e5 2. Nf3 Nc6 3. Bb5 a6 4. Ba4 Nf6 5. O-O Be7 6. Re1 b5 7. Bb3 O-O 8. Ng5 d6 9. Nxf7 Rxf7 10. Bxf7+ Kxf7
11. c3 d5 12. exd5 Qxd5 13. d3 Bf5 14. Re3 Rd8 15. Nd2 Bxd3 16. h3 Bc5 17. Rg3 Ne7 18. b3 Nf5 19. Rg5 Bxf2+ 20. Kxf2 Qc5+
21. Kf3 Qe3#
0-1